| 000 | 00891nam a22002057a 4500 | ||
|---|---|---|---|
| 999 |
_c194171 _d194171 |
||
| 005 | 20230130102213.0 | ||
| 010 | _aB-747242-243 E.N.A./7.11.22 | ||
| 020 |
_a9789355011947 _c1499.00 |
||
| 035 | _aB-747242-243 | ||
| 037 | _bAKPD | ||
| 082 | _a576.5 | ||
| 100 | _aVerma, S.P. | ||
| 245 |
_aGenetics: _bfor B.Sc and M.Sc Student of all Indian Universities/ _cP.S. Verma and V.K. Agarwal |
||
| 260 |
_aNew Delhi _bS Chand and Company Limited _c2022 |
||
| 270 |
_aBlock B-1, House No.D-1, Ground Floor, Mohan Co-operative Industrial Estate, _bNew Delhi _e110044 _k011-66672000 |
||
| 300 |
_axi,1293p. _c25cm(hbk) |
||
| 700 | _aAgarwal, KV | ||
| 942 |
_2ddc _cEN _mVER _h576.5 |
||